00746nam a2200181Ia 4500003000400000005001700004008004100021040001000062082001500072100002600087245021800113260004000331300001000371600001000381942001200391952014400403999001700547OSt20250610123826.0250610s9999 xx 000 0 und d cAACR2 a297.09 RIZ aRizvi, Syed Ali Akbar 0aTareekh-e-Islam Ka Safar (Hissa Awwal): Hazrat Adam A.S. Se Hazrat Khatim S.A.W. (تاریخِ اسلام کا سفر (حصہ اوّل): حضرت آدم علیہ السلام سے حضرت محمد ﷺ تک)  aKarachi:bWelcome Book Board,c2003 a669p. aIslam cGB2ddc 00104070aUITUbUITUcGIFd2025-06-10eGifted by Anonymousl0o297.09 RIZpG247r2025-06-10 11:20:38w2025-06-10yGBzGifted by Anonymous c31414d31414